000 00318nam a2200121Ia 4500
008 191201s2004 xx 000 0 und d
100 _aRELI, Surendar Kumar
245 0 _aNatik Shiksha Avm Vahyvaar Kushalta
260 _aN. Delhi
_bArya Vidya Prishad
_c2004
300 _a463
650 _aGeneral Books
942 _2ddc
_cBK
999 _c711
_d711